Fundamentals Of Microeconomics (Record no. 42803)

MARC details
000 -LEADER
fixed length control field 00327nam a2200121Ia 4500
008 - FIXED-LENGTH DATA ELEMENTS--GENERAL INFORMATION
fixed length control field 241028s9999 xx 000 0 und d
041 ## - LANGUAGE CODE
Language code of text/sound track or separate title eng
082 ## - DEWEY DECIMAL CLASSIFICATION NUMBER
Classification number 338.5 DAN
100 ## - MAIN ENTRY--PERSONAL NAME
Personal name Cecilia Danton
245 ## - TITLE STATEMENT
Title Fundamentals Of Microeconomics
260 ## - PUBLICATION, DISTRIBUTION, ETC.
Name of publisher, distributor, etc. Murphy & Moore Publishing
Place of publication, distribution, etc. United Kingdom
Date of publication, distribution, etc. 2021
300 ## - PHYSICAL DESCRIPTION
Extent 236;. P. 25 cm
Holdings
Withdrawn status Lost status Damaged status Not for loan Home library Current library Shelving location Date acquired Cost, normal purchase price Full call number Barcode Date last seen Cost, replacement price Price effective from Koha item type
        IMTN IMTN Rack 11-B 07/03/2024 13407.00 338.5 DAN 33232 10/28/2024 155.00 10/28/2024 Books
Designed & Maintained by: LRC IMT Nagpur Contact: lrc@imtnag.ac.in© 2024. All Rights Reserved.